000 01119cam a22002535a 4500
001 L142392
008 080211s2005 xxka f 000 0 eng d
020 _a0415383579
035 _a(Sirsi) u142392
041 0 _aeng
050 0 4 _a691.3 $2 18
111 2 _aInternational Conference on Autoclaved Aerated Concrete
_cKingston University, London
_d8-9 September 2005
245 0 0 _aAutoclaved aerated concrete
_binnovation and development
260 _aLondon
_bTaylor & Francis
_c2005
300 _axvii, 539p.
_bill.
_c26cm.
505 2 _aRaw materials and production -- Product properties and performance -- Codes, standards and regulations -- Design and performance -- Developments in construction techniques -- Environment and building performance aspects
520 _aThe proceedings of the 4th International Conference on Autoclaved Aerated Concrete.
521 2 _aExpert
651 4 _aUnited Kingdom
_y
690 _aBUILT ENVIRONMENT-BUILDING MATERIALS-CEMENTITIOUS, CONCRETE AND MINERAL BOUND MATERIALS
700 1 _aLimbachiya, Mukesh C.
_eEditor
700 1 _aRoberts, John J.
_eEditor
942 _n0
999 _c107875
_d107875